000 01145cam a22002174a 4500
005 20250605164156.0
008 250528s ||||||||||||||||||||||||d
035 _a19605
020 _a9604110144
040 _aGR-AtMCL
_bgre
_dGR-AtMCL
_eAACR2
245 1 _aΣΧΕΔΙΑΣΜΟΣ ΕΣΩΤΕΡΙΚΩΝ ΧΩΡΩΝ
250 _a1
260 _bΊων,
_c2000
300 _a319
505 0 _aΟ ΕΣΩΤΕΡΙΚΟΣ ΧΩΡΟΣ Ο ΣΧΕΔΙΑΣΜΟΣ ΤΩΝ ΕΣΩΤΕΡΙΚΩΝ ΧΩΡΩΝ ΕΝΑ ΛΕΞΙΛΟΓΙΟ ΣΧΕΔΙΑΣΜΟΥ ΕΣΩΤΕΡΙΚΩΝ ΧΩΡΩΝ ΣΤΟΙΧΕΙΑ ΣΧΕΔΙΑΣΜΟΥ ΕΣΩΤΕΡΙΚΩΝ ΧΩΡΩΝ ΣΥΣΤΗΜΑΤΑ ΤΟΥ ΕΣΩΤΕΡΙΚΟΥ ΠΕΡΙΒΑΛΛΟΝΤΟΣ
520 _aΟ ΕΣΩΤΕΡΙΚΟΣ ΧΩΡΟΣ Ο ΣΧΕΔΙΑΣΜΟΣ ΤΩΝ ΕΣΩΤΕΡΙΚΩΝ ΧΩΡΩΝ ΕΝΑ ΛΕΞΙΛΟΓΙΟ ΣΧΕΔΙΑΣΜΟΥ ΕΣΩΤΕΡΙΚΩΝ ΧΩΡΩΝ ΣΤΟΙΧΕΙΑ ΣΧΕΔΙΑΣΜΟΥ ΕΣΩΤΕΡΙΚΩΝ ΧΩΡΩΝ ΣΥΣΤΗΜΑΤΑ ΤΟΥ ΕΣΩΤΕΡΙΚΟΥ ΠΕΡΙΒΑΛΛΟΝΤΟΣ
700 1 _aChing Francis D.K
_95806
942 _cBK
999 _c4861
_d4861